Aprendiendo programación con MICROSOFT Access 2002 en 24 horas

Bibliographic Details
Main Author: Kimmel, Paul
Format: Section = Libro
Language:Undetermined
Spanish
Published: México Pearson Educación 2001
Subjects:
LEADER 00680nam a2200229Ia 4500
008 241007s9999||||xx |||||||||||||| ||und||
020 |a 970-26-0339-0 
040 |a BIBLIOTECA-RURC/ 005.1 K49 
041 |a spa 
082 |a 005.1 K49 
100 1 |a Kimmel, Paul 
245 1 0 |a Aprendiendo programación con MICROSOFT Access 2002 en 24 horas 
260 |a México  |b Pearson Educación  |c 2001 
300 |a 568 p. :il. 
650 7 |a PROGRAMACION ACCESS 
650 7 |b  ADMINISTRACION - BASES DE DATOS ACCESS 
650 7 |c  PROGRAMACION 
650 7 |d  CREACIÓN DE INTERFASES- USUARIO 
650 7 |e  CREACIÓN DE INTERFASES- USUARIO 
942 |c BK  |2 ddc 
991 |a TEXTO 
999 |c 14224